书目信息 |
| 题名: |
商业与居住建筑室内空间规划
|
|
| 作者: | ;胡兴竹 , 胡兴竹 , 申祖烈 译 | |
| 分册: | ||
| 出版信息: | 北京 中国建筑工业出版社 2007.07 |
|
| 页数: | 460页 | |
| 开本: | 24cm | |
| 丛书名: | ||
| 单 册: | ||
| 中图分类: | TU24 | |
| 科图分类: | ||
| 主题词: | 民用建筑--建筑设计 | |
| 电子资源: | ||
| ISBN: | 978-7-112-08869-0 | |
| 000 | 00989 nam 000277 | |
| 001 | 2451275852 | |
| 005 | 20240506141652.75 | |
| 010 | @a978-7-112-08869-0@dCNY69.00 | |
| 100 | @a20080818d2006 em y0chiy0121 ea | |
| 101 | @achi | |
| 102 | @aCN@b110000 | |
| 105 | @ay z 000yy | |
| 200 | 10 | @a商业与居住建筑室内空间规划@9shang ye yu ju zhu jian zhu shi na kong jian gui hua@f(美)萨姆·库贝著; 胡兴竹, 申祖烈译@F(Mei)Sa Mu·Ku Bei Zhu;Hu Xing Zhu,Shen Zu Lie Yi@g胡兴竹等译@Ghu xing zhu deng yi |
| 210 | @a北京@c中国建筑工业出版社@d2007.07 | |
| 215 | @a460页@d24cm | |
| 510 | 1 | @a= Space planning for commercial and residential interiors |
| 517 | 1 | @a(美)萨姆·库贝著 |
| 540 | @a商业与居住建筑室内空间规划 | |
| 606 | @a民用建筑@x建筑设计 | |
| 690 | @aTU24@v4 | |
| 702 | @a胡兴竹@9hu xing zhu@4译 | |
| 702 | 0 | @a胡兴竹@AHu Xing Zhu@4译 |
| 702 | 0 | @a申祖烈@AShen Zu Lie@4译 |
| 801 | @aCN@b河南城建学院图书馆@c20080810 | |
| 901 | @a000010 | |
| 905 | @b684237-8@dTU24@eS006@f2 | |
| 商业与居住建筑室内空间规划/(美)萨姆·库贝著; 胡兴竹, 申祖烈译/胡兴竹等译.-北京:中国建筑工业出版社,2007.07 |
| 460页;24cm |
| ISBN 978-7-112-08869-0:CNY69.00 |
| ● |
| 相关链接 |
|
|
|
正题名:商业与居住建筑室内空间规划
索取号:TU24/S006
 
预约/预借
| 序号 | 登录号 | 条形码 | 馆藏地/架位号 | 状态 | 备注 |
| 1 | 1551232 | 215512327 | 建筑库101/101建筑库 57排5列3层/ [索取号:TU24/S006] | 在馆 | |
| 2 | 1551233 | 215512336 | 建筑库101/101建筑库 57排5列3层/ [索取号:TU24/S006] | 在馆 | |
| 3 | 1551234 | 215512345 | 建筑库101/101建筑库 57排5列3层/ [索取号:TU24/S006] | 在馆 | |
| 4 | 1551235 | 215512354 | 建筑库101/101建筑库 57排5列3层/ [索取号:TU24/S006] | 在馆 | |
| 5 | 1551236 | 215512363 | 建筑库101/101建筑库 57排5列3层/ [索取号:TU24/S006] | 在馆 |